<La> croissance ou le progres? croissance, décroissance, développement durable

Salvato in:
Dettagli Bibliografici
Autore principale: Comeliau, Christian
Natura: Libro
Lingua:francese
Pubblicazione: Paris Éditions du Seuil 2006
Serie:Économie humaine
Soggetti:
Tags: Aggiungi Tag
Nessun Tag, puoi essere il primo ad aggiungerne!!

MARC

LEADER 00000nam$a2200000$$$4500
001 0112922
005 20240314092915.3
020 |a 2-02-084830--9 
041 0 |a fre 
044 |a FR 
245 1 0 |a <La> croissance ou le progres?  |b croissance, décroissance, développement durable  |c Christian Comeliau 
264 1 |a Paris  |b Éditions du Seuil  |c 2006 
300 |a 237 s. 
490 1 |a Économie humaine 
830 0 |a Économie humaine 
610 2 0 |a vývoj hospodársky 
610 2 0 |a ekonomika sociálna 
610 2 0 |a ekológia 
610 2 0 |a globalizácia 
610 2 0 |a politika hospodárska 
100 1 |a Comeliau, Christian